Statistics for Six Degrees of Separation - Countries #2

Click here to take the quiz!

General Stats

  • This quiz has been taken 24,218 times
  • The average score is 17 of 24

Answer Stats

ColourQuestionAnswer% Correct
GreenJohannesburg is the largest city in...South Africa
99%
BlueThe Great Pyramid is located in...Egypt
93%
GreenWhose initials, SA, are the same as...Saudi Arabia
88%
Blue
Which has received over 1 million
immigrants from...
Russia
79%
BlueWhich, in 2022, invaded...Ukraine
79%
BlueWho, in 1979, signed a peace treaty with...Israel
77%
RedZaire was the former name of...D. R. Congo
72%
YellowMogadishu is the capital of...Somalia
72%
GreenWhich gained its independence from...United Kingdom
71%
RedWhich was colonized by...Belgium
69%
YellowWhose nearest Asian neighbor is...Yemen
69%
RedWhich borders the Grand Duchy of...Luxembourg
68%
YellowThat shares its eastern border with...Oman
68%
BlueWhich is connected via bridge to...Denmark
63%
Red
Which is the second least populous
country in the EU after...
Malta
63%
BlueWhose flag has nearly the same colors as...Sweden
63%
RedWhich is in the Mediterranean like...Cyprus
62%
Green
Which has an older university than
every country except...
Italy
61%
RedWhose nearest neighbor is...Turkey
61%
GreenWhich has less oil reserves than only...Venezuela
61%
YellowThat is ruled by a sultan like...Brunei
60%
Yellow
Which is the only country with
orangutans except for...
Indonesia
58%
YellowWhich is surrounded on three sides by...Malaysia
58%
GreenWhich claims 75% of neighboring...Guyana
57%

Score Distribution

Percentile by Number Answered

Percent of People with Each Score

Your Score History

You have not taken this quiz